Zefektívni elektronické trhovisko verejné obstarávanie?

Pokračovanie príspevku z predchádzajúceho čísla. Popis procesu obchodovania v elektronickom kontraktačnom systéme.

Uložené v:
Podrobná bibliografia
Hlavný autor: Bolek, Vladimír, 1988-
Ďalší autori: Kokles, Mojmír
Médium: Kapitola
Jazyk:Slovak
Predmet:
Tagy: Pridať tag
Žiadne tagy, Buďte prvý, kto otaguje tento záznam!

MARC

LEADER 00000naa a2200000 4500
001 0200700
005 20240502073408.2
041 0 |a slo 
044 |a SK 
245 1 0 |a Zefektívni elektronické trhovisko verejné obstarávanie?  |c Vladimír Bolek, Mojmír Kokles 
520 |a Pokračovanie príspevku z predchádzajúceho čísla. Popis procesu obchodovania v elektronickom kontraktačnom systéme. 
610 2 0 |a obstarávanie verejné 
610 2 0 |a technológie informačné 
610 2 0 |a technológie komunikačné 
610 2 0 |a systémy informačné 
610 2 0 |a obstarávanie elektronické 
100 1 |a Bolek, Vladimír, 1988- 
700 1 |a Kokles, Mojmír